| 000 | 00533 a2200193 4500 | ||
|---|---|---|---|
| 999 |
_c32147 _d32147 |
||
| 003 | OSt | ||
| 005 | 20260217113711.0 | ||
| 008 | 260217b ||||| |||| 00| 0 eng d | ||
| 020 | _a9789388084116 | ||
| 040 | _c. | ||
| 082 |
_a532.051 _bR1653 |
||
| 100 |
_96616 _aRamachandran, S. |
||
| 245 |
_aCompressible Fluid Flow / _cDr.S.Ramachandran and Dr.A.Anderson |
||
| 260 |
_bAirwalk Publications, _aChennai : _c2021. |
||
| 300 | _a6.61+100+12 p. | ||
| 650 | 0 |
_9537 _aFluid dynamics |
|
| 700 |
_96617 _aAnderson, A. |
||
| 942 |
_2ddc _cBK |
||